| 000 | 00713nam a2200205 i 4500 | ||
|---|---|---|---|
| 001 | 131915 | ||
| 003 | ES-MaACL | ||
| 005 | 20230906194054.0 | ||
| 007 | t| | ||
| 008 | 070214s1927 sp f |||| | spa d | ||
| 080 | _a75.036.4 | ||
| 100 | 1 |
_aRoh, Franz. _998972 |
|
| 245 | 1 | 0 |
_aRealismo mágico post expresionismo : _bproblemas de la pintura europea más reciente / _cFranz Roh ; traducción del alemán por Fernando Vela. |
| 260 |
_aMadrid : _bRevista de Occidente, _c1927 ( _fTip. Artística) |
||
| 300 |
_a139 p., 47 lám. : _bil. ; _c21 cm. |
||
| 650 | 4 |
_aPostimpresionismo (Arte) _9161991 |
|
| 650 | 4 |
_aPintura europea- _yS.XX. _9168507 |
|
| 700 | 1 |
_aVela, Fernando. _9113674 |
|
| 852 |
_aES-MaACL _jA-1825 |
||
| 999 |
_c131915 _d131915 |
||